00975cam a22003494i 4500003000900000005001700009008004100026035001800067040003300085082002000118130004900138245005100187264006500238300006200303336002100365337002500386338002300411500002600434505002400460526001000484526001000494526001000504526001000514526000800524526000800532526000800540526000800548526000800556526000800564526000800572630004500580PE-LiUPU20250731173544.0150616s1984 miua r 000 0 eng d a(Sirsi) a9193 aPE-LiUPUbspacPE-LiUPUerda04a220.52bB15221 aBiblia.lInglésf1984.sNew International.14aThe Holy Bible /cInternational Bible Society. 1aGrand Rapids, Michigan :bZondervan Bible Publishers,c1984. a1145 páginas :bilustraciones mapas ;c24 centímetros atext2rdacontent aunmediated2rdamedia avolume2rdacarrier aIncluye Concordancia.0 aBiblia en Inglés. aSEG42 aSEG41 aSEG40 aSEG39 aP94 aP87 aP86 aP85 aP77 aP76 aP35 aBiblia.lInglés.sInternationalf1984.